000 00322 a2200145 4500
001 153801
040 _cEscola São Tomás de Aquino
100 _aSANT'ANNA, Eliana
240 1 0 _aPingo-d`água
_lpor
245 1 0 _aPingo-d`água
362 0 _a2010
440 1 _aMiguilim
697 _a*LITERATURA INFANTIL
942 _cBK
999 _c153801
_d153801